Yes is more : an archicomic on architectural evolution (Record no. 12274)
[ view plain ]
| 000 -LEADER | |
|---|---|
| fixed length control field | 00371 a2200145 4500 |
| 003 - CONTROL NUMBER IDENTIFIER | |
| control field | OSt |
| 005 - DATE AND TIME OF LATEST TRANSACTION | |
| control field | 20240117135506.0 |
| 008 - FIXED-LENGTH DATA ELEMENTS--GENERAL INFORMATION | |
| fixed length control field | 240117b ||||| |||| 00| 0 eng d |
| 020 ## - INTERNATIONAL STANDARD BOOK NUMBER | |
| International Standard Book Number | 9783836520102 |
| 082 ## - DEWEY DECIMAL CLASSIFICATION NUMBER | |
| Classification number | 720.92 |
| 100 ## - MAIN ENTRY--PERSONAL NAME | |
| Personal name | IG Bjarke Ingels Group |
| 245 ## - TITLE STATEMENT | |
| Title | Yes is more : an archicomic on architectural evolution |
| 260 ## - PUBLICATION, DISTRIBUTION, ETC. (IMPRINT) | |
| Name of publisher, distributor, etc | Taschen GmbH |
| Date of publication, distribution, etc | 2020 |
| 942 ## - ADDED ENTRY ELEMENTS (KOHA) | |
| Source of classification or shelving scheme | |
| Withdrawn status | Lost status | Damaged status | Koha normalized classification for sorting | Not for loan | Permanent location | Current location | Date acquired | Cost, normal purchase price | Total Checkouts | Total Renewals | Full call number | Barcode | Checked out | Date last seen | Date last borrowed | Price effective from | Koha item type | Source of classification or shelving scheme | Source of acquisition | Cost, replacement price |
|---|---|---|---|---|---|---|---|---|---|---|---|---|---|---|---|---|---|---|---|---|
| 720_680000000000000 | BMS College of Architecture, Design and Planning | BMS College of Architecture, Design and Planning | 2020-03-03 | 1669.00 | 10 | 2 | 720.68 | CL-UG69327 | 2025-08-19 | 2025-08-04 | 2025-08-04 | 2020-03-03 | UG Books from CL | |||||||
| 720_680000000000000 | BMS College of Architecture, Design and Planning | BMS College of Architecture, Design and Planning | 2024-01-17 | 2032.50 | 2 | 720.68 | AR-UG3524 | 2025-04-26 | 2024-05-28 | 2024-01-17 | UG Books | 1 | 2710.00 |